The Cambridge World History (Бичлэгийн дугаар. 144254)
| 000 -УДИРДЛАГА | |
|---|---|
| Удирдлага | 02030nam a2200313 4500 |
| 003 - ХЯНАЛТЫН ТОО ТОДОРХОЙЛОГЧ | |
| Код | MN-UlNUM |
| 005 - БИЧИЛТ ХИЙСЭН ОГНОО | |
| Тухайн бичилтийг бичсэн засварласан сүүлийн огноо | 20251010171104.0 |
| 008 - ЕРӨНХИЙ МЭДЭЭЛЭЛ | |
| Ерөнхий мэдээлэл | 250918s2017 nyuab||| |||| 00| | eng d |
| 020 ## - ISBN | |
| ISBN | 9781108407724 |
| -- | 9780521190749 |
| 040 ## - БИЧЛЭГ ҮҮСГЭГЧ БАЙГУУЛЛАГА | |
| Бичлэг үүсгэгч номын сангийн код | МУИС-ийн номын сан |
| 084 ## - ББК АНГИЛАЛ | |
| Нэмэлт тусгалт | Нэг сэдэвт бүтээл |
| Мэдлэгийн ялгаа | 63 - Түүх |
| ББК ангилал | 63.3(0) |
| Зохиогчийн гурван тэмдэгт | C 17 |
| 245 04 - ҮНДСЭН ГАРЧИГ | |
| Номын нэр | The Cambridge World History |
| Ботийн дугаар | Vol. 5: |
| Ботийн нэр | Expanding Webs of Exchange and Conflict, 500 CE-1500 CE |
| Оролцогчдын тухай мэдээ | Edited by Benjamin Z. Kedar, Merry E. Wiesner-Hanks |
| 260 ## - ГАРАЛТЫН МЭДЭЭ | |
| Хэвлэгдсэн газар | Cambridge |
| Хэвлэлийн газар | Cambridge University Press |
| Хэвлэгдсэн он | 2017 |
| 300 ## - МАТЕРИАЛЫН ТОДОРХОЙЛОЛТ | |
| хуудасны тоо | 724 |
| 500 ## - Тайлбар | |
| Дансны дугаар | ГФ 20876 |
| 505 ## - Агуулгын тэмдэглэгээ | |
| Агуулгын тэмдэглэгээ | Volume 5 of the Cambridge World History series uncovers the cross-cultural exchange and conquest, and the accompanying growth of regional and trans-regional states, religions, and economic systems, during the period 500 to 1500 CE. The volume begins by outlining a series of core issues and processes across the world, including human relations with nature, gender and family, social hierarchies, education, and warfare. Further essays examine maritime and land-based networks of long-distance trade and migration in agricultural and nomadic societies, and the transmission and exchange of cultural forms, scientific knowledge, technologies, and text-based religious systems that accompanied these. The final section surveys the development of centralized regional states and empires in both the eastern and western hemispheres. Together these essays by an international team of leading authors show how processes furthering cultural, commercial, and political integration within and between various regions of the world made this millennium a 'proto-global' era. |
| 546 ## - ХЭЛНИЙ ТУХАЙ МЭДЭЭ | |
| Хэл | Англи хэл дээр, |
| 653 ## - Түлхүүр үг | |
| Түлхүүр үг | history |
| 653 ## - Түлхүүр үг | |
| Түлхүүр үг | World history |
| 653 ## - Түлхүүр үг | |
| Түлхүүр үг | global developments |
| 740 ## - НОМЫН ГАРЧИГ | |
| Гарчиг | Global Developments |
| 740 ## - НОМЫН ГАРЧИГ | |
| Гарчиг | Eurasian Commonalities |
| 740 ## - НОМЫН ГАРЧИГ | |
| Гарчиг | Growing Interactions |
| 740 ## - НОМЫН ГАРЧИГ | |
| Гарчиг | Expanding Religious Systems |
| 740 ## - НОМЫН ГАРЧИГ | |
| Гарчиг | State Formations |
| 942 ## - ЭЛЕМЕНТИЙН ТӨРӨЛ | |
| Зүйлийн төрөл | Ном |
